¿Cuándo debe escribirse la historia hacia atrás? (Registro nro. 15998)

Detalles MARC
000 -LEADER
fixed length control field 00342 a2200109 4500
001 - CONTROL NUMBER
control field ART_2817
005 - DATE AND TIME OF LATEST TRANSACTION
control field 20260410161710.0
008 - FIXED-LENGTH DATA ELEMENTS--GENERAL INFORMATION
fixed length control field 260409a
100 1# - MAIN ENTRY--PERSONAL NAME
Personal name Leontief, Wassily
245 10 - TITLE STATEMENT
Title ¿Cuándo debe escribirse la historia hacia atrás?
773 0# - HOST ITEM ENTRY
Title Desarrollo económico
Related parts - Vol. 4, Nº 13 (abr./jun. 1964)
Record control number REV1174

No hay ítems disponibles.